Managerial economics (Record no. 3454)

MARC details
000 -LEADER
fixed length control field 00508 a2200169 4500
000 - LEADER
fixed length control field BKB
001 - CONTROL NUMBER
control field 069920
005 - DATE AND TIME OF LATEST TRANSACTION
control field 20200902150403.0
008 - FIXED-LENGTH DATA ELEMENTS--GENERAL INFORMATION
fixed length control field
082 ## - DEWEY DECIMAL CLASSIFICATION NUMBER
Classification number 338.5024658
Item number S49M
100 1# - MAIN ENTRY--PERSONAL NAME
Personal name Samuelson William f,Marks Stephen G
245 1# - TITLE STATEMENT
Title Managerial economics
Statement of responsibility, etc by William F. Samuelson and Steophen
250 ## - EDITION STATEMENT
Edition statement 5th ed.
260 ## - PUBLICATION, DISTRIBUTION, ETC. (IMPRINT)
Place of publication, distribution, etc India
Name of publisher, distributor, etc Wiley
Date of publication, distribution, etc 2010
300 ## - PHYSICAL DESCRIPTION
Extent 891p.
690 ## - LOCAL SUBJECT ADDED ENTRY--TOPICAL TERM (OCLC, RLIN)
Topical term or geographic name as entry element Managerial economics; Managerial economics--Study and teaching
Holdings
Withdrawn status Lost status Damaged status Not for loan Home library Current library Date acquired Cost, normal purchase price Total Checkouts Full call number Barcode Date last seen Price effective from Koha item type
        Central University Of Rajasthan Central University Of Rajasthan 07/03/2012 499.00   338.5024658 S49M 4207 21/11/2024 02/09/2020 Books